000
00299nam a22001337a 4500
003
SGT
082
_a
615.53
_b
C16T
100
_a
TRIKAMAJI, VAIDYA JADAVAJI
245
_a
CHARAK SAMHITA
260
_a
NEW DELHI
_b
CHAUKHAMBHA PUB
_c
2016
300
_a
738
650
_a
CHARAK SAMHITA
942
_2
ddc
_c
BK
_0
3
999
_c
9770
_d
9770